Public Enterprise : Economic Analysis of Theory and Practice (Record no. 82207)

000 -CABECERA
campo de control de longitud fija 00527nam#a2200193#c#4500
003 - IDENTIFICADOR DEL NÚMERO DE CONTROL
campo de control IEF
005 - FECHA Y HORA DE LA ÚLTIMA TRANSACCIÓN
campo de control 20180219163550.0
008 - CÓDIGOS DE INFORMACIÓN DE LONGITUD FIJA
campo de control de longitud fija 950601s1976 uuu####fr####| 0||u| |u
040 ## - FUENTE DE LA CATALOGACIÓN
Centro catalogador de origen IEF
100 1# - PUNTO DE ACCESO PRINCIPAL - NOMBRE DE PERSONA
Nombre de persona Shepherd, William G.
9 (RLIN) 1164
245 ## - MENCIÓN DE TÍTULO
Título Public Enterprise : Economic Analysis of Theory and Practice
260 ## - PUBLICACIÓN, DISTRIBUCIÓN, ETC. (PIE DE IMPRENTA)
Lugar de publicación distribución etc. Lexington (Massachusetts)
Nombre del editor distribuidor etc. Lexington Books
Fecha de publicación distribución etc. 1976
300 ## - DESCRIPCIÓN FÍSICA
Extensión 238 p.
Dimensiones 23 cm.
650 #4 - PUNTO DE ACCESO ADICIONAL DE MATERIA--TÉRMINO DE MATERIA
Término de materia o nombre geográfico como elemento inicial EMPRESAS PUBLICAS
9 (RLIN) 43602
650 #4 - PUNTO DE ACCESO ADICIONAL DE MATERIA--TÉRMINO DE MATERIA
Término de materia o nombre geográfico como elemento inicial ESTUDIOS
9 (RLIN) 43582
942 ## - ELEMENTOS DE PUNTO DE ACCESO ADICIONAL (KOHA)
Tipo de ítem Koha Libros
942 ## - ELEMENTOS DE PUNTO DE ACCESO ADICIONAL (KOHA)
-- 52524
Holdings
Estado de retiro Estado de pérdida Estado dañado No para préstamo Localización permanente Fecha de adquisición Signatura topográfica completa Código de barras Fecha visto por última vez Precio válido a partir de Tipo de ítem Koha
      Disponible para préstamo IEF 1995-06-01 30193 30193 2018-02-19 2018-02-19 Libros
      Disponible para préstamo IEF 1995-06-01 25682 25682 2018-02-19 2018-02-19 Libros

Powered by Koha